[Event "RUS-ch m3-4"]
[Site "Elista"]
[Date "1997.05.30"]
[Round "4.3"]
[White "Dreev, Alexey"]
[Black "Zvjaginsev, Vadim"]
[Result "1/2-1/2"]
[WhiteElo "2650"]
[BlackElo "2610"]

1.d4 Nf6 2.c4 e6 3.Nf3 d5 4.Nc3 Bb4 5.Bg5 Nbd7 6.cxd5 exd5 7.Qc2 c5 8.dxc5 h6
9.Bd2 O-O 10.e3 Bxc5 11.Bd3 a6 12.O-O Bd6 13.Ne2 Ne5 14.Nxe5 Bxe5 15.Bc3 Qe7
16.Bxe5 Qxe5 17.Rac1 Be6 18.Qc3 Ng4 19.Qxe5 Nxe5 20.Bb1 Rac8 21.Nd4 Nc4 22.Rc2 Nd6
23.Rfc1 Rc4 24.a3 Rfc8 25.Ba2 Rxc2 26.Rxc2 Rxc2 27.Nxc2 Kf8 28.a4 Ke7 29.Kf1 Bd7
30.a5 Nc4 31.Bxc4 dxc4 32.Ke2 Kd6 33.Kd2 Kc5 34.Kc3 f5 35.Nd4 Bc8 36.h4 Bd7
37.h5 Bc8 38.f3 Bd7 39.Ne2 Kb5 40.Nd4+ Kc5 41.g3 Bc8 42.e4 fxe4 43.fxe4 Bg4
44.Nf5 Bxh5 45.Nxg7 Bg6 46.e5 Bd3 47.e6 Kd6 48.Kd4 Be2 49.Nf5+ Kxe6 50.Nxh6 Kd6
51.g4 Kc6 52.g5 Bd3 53.Nf7 Kb5 54.Ne5 Bb1 55.Nxc4 Kb4 56.Nd2 Bh7 57.Nc4 Bb1
58.Nd6 Kxa5 59.Nxb7+ Kb4 60.Nc5 Bh7 61.Nxa6+ Kb3 62.Nc5+ Kxb2 63.Nd7 Kc2
64.Nf8 Bd3 65.Ke5 Kd2 66.Kf4 Ke2 67.Ne6 Kf2 68.Nd4 Bg6 69.Nf3 Bh7 70.Nh4 Ke2
71.Nf5 Kf2 72.Ne3 Bg6 73.Nd5 Bh7 74.Ne7 Kg2 75.Kg4 Kf2 76.Nf5 Kg2 77.Nh4+ Kf2
78.Kf4 Ke2 79.Ke5 Ke3 80.Nf5+ Kf3 81.Kf6 Kf4 82.Nh6 Bb1 83.Nf7 Bc2 84.Ne5 Bb1
85.Nc6 Bc2 86.Nb4 Bb1 87.Nd5+ Kg4 88.Ne3+ Kf4 89.Ng2+ Kg4 90.Ne3+ Kf4 91.Nd1 Bc2
92.Nb2 Kg4 93.Nc4 Kf4 94.Nb6 Bb1 95.Nd7 Bc2 96.Nc5 Bb1 97.Ne6+ Kg4 98.Nd4 Kf4
99.Ne2+ Kg4 100.Nc3 Bc2 101.Nd5 Bb1 102.Ne7 Kf4  1/2-1/2

[Event "RUS-ch m1-2"]
[Site "Elista"]
[Date "1997.05.31"]
[Round "5.1"]
[White "Dreev, Alexey"]
[Black "Svidler, Peter"]
[Result "1-0"]
[WhiteElo "2650"]
[BlackElo "2640"]

1.d4 d5 2.c4 dxc4 3.e4 Nf6 4.e5 Nd5 5.Bxc4 Nb6 6.Bd3 Nc6 7.Be3 Nb4 8.Be4 f5
9.exf6 exf6 10.a3 f5 11.axb4 Bxb4+ 12.Nc3 fxe4 13.Qh5+ Kf8 14.Ne2 Be6 15.O-O Kg8
16.Nxe4 Qe8 17.Qxe8+ Rxe8 18.Rfc1 Bc4 19.N2g3 Bd5 20.Bd2 Bxd2 21.Nxd2 Bc6
22.Rxa7 Kf7 23.Nf3 Nd7 24.d5 Bxd5 25.Rxc7 Ke6 26.Nd4+ Kd6 27.Nb5+ Ke6 28.Nd4+ Kd6
29.Nb5+ Ke7 30.Nf5+ Kf6 31.Ne3 Nb6 32.h4 Bc6 33.Nd4 Nd5 34.Ng4+ Kg6 35.h5+  1-0

[Event "RUS-ch m3-4"]
[Site "Elista"]
[Date "1997.06.02"]
[Round "5.3"]
[White "Dreev, Alexey"]
[Black "Svidler, Peter"]
[Result "0-1"]
[WhiteElo "2650"]
[BlackElo "2640"]

1.d4 d5 2.c4 dxc4 3.e4 e5 4.Nf3 exd4 5.Bxc4 Nc6 6.O-O Be6 7.Bb5 Bc5 8.Nbd2 Ne7
9.Ng5 Qd6 10.Nxe6 Qxe6 11.Nb3 Qd6 12.Bf4 Qxf4 13.Nxc5 O-O 14.g3 Qh6 15.Rc1 Rfd8
16.Nxb7 Rdb8 17.Qa4 Ne5 18.Rxc7 N7g6 19.Qb3 Nf8 20.Qd5 Nf3+ 21.Kg2 Ne6 22.Rd7 Nh4+
23.Kh1 Nf3 24.h4 Nxh4 25.Be2 Nf3+ 26.Kg2 Nf4+ 27.Kxf3 Nxd5 28.exd5 Rxb7 29.Rxb7 Qh5+  0-1

[Event "WchT 4th"]
[Site "Luzern"]
[Date "1997.10.28"]
[Round "4"]
[White "Sadler, Matthew"]
[Black "Dreev, Alexey"]
[Result "1-0"]
[WhiteElo "2665"]
[BlackElo "2640"]

1.d4 d5 2.c4 c6 3.Nf3 Nf6 4.Nc3 e6 5.e3 Nbd7 6.Bd3 dxc4 7.Bxc4 b5 8.Bd3 Bb7
9.O-O a6 10.e4 c5 11.d5 Qc7 12.dxe6 fxe6 13.Bc2 O-O-O 14.Ng5 Ne5 15.Qe2 Re8
16.f4 Nc6 17.Nf3 g5 18.e5 g4 19.exf6 gxf3 20.Qxf3 Nd4 21.Qh5 Be7 22.f7 Rd8
23.Be4 b4 24.Bxb7+ Kxb7 25.Ne2 Bf6 26.f5 exf5 27.Nxd4 Bxd4+ 28.Kh1 Rhf8 29.Rxf5 Rd7
30.Bf4 Rdxf7 31.Bxc7 Rxf5 32.Qe2 Kxc7 33.h3 Re5 34.Qxa6 Rf2 35.a3 b3 36.Qa5+ Kc8
37.Qa8+ Kc7 38.Qa5+ Kc8 39.Qa6+ Kc7 40.Qa7+ Kc8 41.Qxh7 Ree2 42.Qa7 Rxg2
43.Qa8+ Kc7 44.Qxg2 Rxg2 45.Kxg2 Kc6 46.Kf3 c4 47.Rb1 Bf6 48.Ke4 Kc5 49.h4 Bh8
50.h5 Bg7 51.Ke3 Kb5 52.Ke4 Kc5 53.Ke3 Kb5 54.Kd2 Bh6+ 55.Kd1 Bg7 56.a4+ Ka5
57.Kd2 Kb4 58.a5 Bh6+ 59.Kd1 Kxa5 60.Ra1+ Kb4 61.Ra6 Be3 62.Re6  1-0

[Event "WchT 4th"]
[Site "Luzern"]
[Date "1997.10.29"]
[Round "5"]
[White "Dreev, Alexey"]
[Black "Kazhgaleyev, Murtas"]
[Result "1/2-1/2"]
[WhiteElo "2640"]
[BlackElo "2500"]

1.d4 Nf6 2.c4 g6 3.Nc3 Bg7 4.e4 d6 5.h3 O-O 6.Bg5 Na6 7.Bd3 e5 8.d5 c6 9.Nge2 cxd5
10.cxd5 Nc5 11.Bc2 a5 12.O-O Bd7 13.a3 a4 14.Nc1 Qe8 15.N1e2 b5 16.Ng3 h6
17.Be3 Qb8 18.Na2 Nb7 19.Nb4 Na5 20.Bd3 Rc8 21.Qe2 Qb7 22.Rac1 Ne8 23.f4 Rxc1
24.Rxc1 exf4 25.Bxf4 Rc8 26.Rf1 Nc4 27.Bxc4 bxc4 28.Qf2 Bb5 29.Rc1 Qe7 30.Na2 Rb8
31.Nc3 Bd7 32.Nd1 Bb5 33.Nc3 Bd7 34.Nd1 Bb5 35.Bd2 Be5 36.Bc3 Qg5 37.Ne2 Nf6
38.h4 Qh5 39.Qf3 Qxh4 40.Bxe5 dxe5 41.Nf2  1/2-1/2

[Event "WchT 4th"]
[Site "Luzern"]
[Date "1997.11.02"]
[Round "9"]
[White "Dreev, Alexey"]
[Black "Arakhamia, Ketevan"]
[Result "1-0"]
[WhiteElo "2640"]
[BlackElo "2430"]

1.d4 Nf6 2.c4 g6 3.Nc3 Bg7 4.e4 d6 5.f3 O-O 6.Nge2 Nbd7 7.Bg5 a6 8.d5 c6
9.Qd2 Ne5 10.Nd4 c5 11.Nc2 b5 12.cxb5 axb5 13.Bxb5 Ba6 14.Bxa6 Rxa6 15.f4 Ned7
16.O-O Rb6 17.b3 Qc7 18.Rae1 Ra8 19.Kh1 Ne8 20.Bxe7 Bxc3 21.Qxc3 Rxa2 22.Ne3 Ra3
23.Ng4 f6 24.e5 Raxb3 25.Qa1 dxe5 26.fxe5 fxe5 27.Nxe5 Nxe5 28.d6  1-0

[Event "EUCup final"]
[Site "Kazan"]
[Date "1997.12.29"]
[Round "2"]
[White "Dreev, Alexey"]
[Black "Krasenkow, Michal"]
[Result "1-0"]
[WhiteElo "2640"]
[BlackElo "2645"]

1.d4 Nf6 2.c4 g6 3.Nc3 d5 4.Nf3 Bg7 5.Bf4 O-O 6.Rc1 dxc4 7.e4 Bg4 8.Bxc4 Bxf3
9.gxf3 Nh5 10.Be3 e6 11.f4 Qh4 12.Qf3 Nc6 13.Ne2 Rad8 14.Rd1 Na5 15.Bd3 c5
16.dxc5 Bxb2 17.O-O e5 18.f5 Nc6 19.Bc4 Nf6 20.Rxd8 Rxd8 21.fxg6 hxg6 22.Rb1 Bd4
23.Rxb7 Bxe3 24.Rxf7 Bxf2+ 25.Kg2 Bxc5 26.Rxf6+ Kh8 27.Rxc6 Rf8 28.Bf7 Qg5+
29.Qg3  1-0

[Event "EUCup final"]
[Site "Kazan"]
[Date "1997.12.30"]
[Round "3"]
[White "Panchenko, Alexandar G"]
[Black "Dreev, Alexey"]
[Result "0-1"]
[WhiteElo "2420"]
[BlackElo "2640"]

1.c4 c6 2.Nf3 d5 3.e3 Nf6 4.Nc3 e6 5.d4 Nbd7 6.Bd3 dxc4 7.Bxc4 b5 8.Bd3 Bb7
9.O-O a6 10.e4 c5 11.d5 Qc7 12.dxe6 fxe6 13.Ng5 Qc6 14.Bf4 c4 15.Bc2 Bc5
16.b3 Nb6 17.Nf3 O-O 18.Ne5 Qe8 19.bxc4 Rd8 20.Qe1 Ng4 21.Nxg4 Rxf4 22.Ne5 Bd4
23.Nf3 Rxf3 24.gxf3 Qg6+ 25.Kh1 Qh5 26.Rd1 Be5 27.Rxd8+ Kf7 28.f4 Bxf4  0-1

[Event "RUS-ch m3-4"]
[Site "Elista"]
[Date "1997.??.??"]
[Round "5.4"]
[White "Svidler, Peter"]
[Black "Dreev, Alexey"]
[Result "1-0"]
[WhiteElo "2640"]
[BlackElo "2650"]

1.e4 c5 2.Nf3 Nc6 3.d4 cxd4 4.Nxd4 Nf6 5.Nc3 d6 6.Bg5 e6 7.Qd2 a6 8.O-O-O Bd7
9.f3 Qc7 10.h4 Be7 11.h5 h6 12.Be3 Na5 13.Kb1 b5 14.Bd3 Nb7 15.g4 Nc5 16.Rc1 b4
17.Nce2 a5 18.Ng3 d5 19.e5 Qxe5 20.Bf4 Qxd4 21.Be3 Qe5 22.Bf4 Nxg4 23.Bxe5 Nxe5
24.Qe3 Bd6 25.Rhg1 O-O-O 26.Be2 Bc6 27.f4 Ned7 28.c4 d4 29.Qxd4 Nf6 30.Qe3 e5
31.fxe5 Rhe8 32.Rgd1 Rxe5 33.Qf2 Kc7 34.Bf3 Ba4 35.Re1 Rg5 36.Ne2 Nfd7 37.b3 Ne5
38.bxa4 Ned3 39.Qh4 Nxc1 40.Rxc1 Nxa4 41.Qe4  1-0

[Event "Presidents Cup"]
[Site "Elista"]
[Date "1998.05.07"]
[Round "1.1"]
[White "Dreev, Alexey"]
[Black "Kozak, Alexander"]
[Result "1/2-1/2"]
[WhiteElo "2630"]
[BlackElo "2365"]

1.d4 Nf6 2.c4 g6 3.Nc3 Bg7 4.e4 d6 5.h3 O-O 6.Bg5 c5 7.d5 e6 8.Bd3 exd5 9.cxd5 a6
10.a4 Qc7 11.Nf3 Nbd7 12.Nd2 Rb8 13.O-O Re8 14.Rc1 h6 15.Be3 Qd8 16.f4 b5
17.axb5 axb5 18.Qf3 b4 19.Nd1 Ra8 20.Bf2 Ba6 21.Bxa6 Rxa6 22.Ne3 Nb6 23.Bh4 Qa8
24.Bxf6 Bxf6 25.e5 Bg7 26.Ndc4 Nd7 27.Kh1 dxe5 28.fxe5 Nxe5 29.Nxe5 Rf6 30.Qg3 Rxf1+
31.Rxf1 Bxe5 32.Qf3 f5 33.Nc4 Bg7 34.b3 Re4 35.d6 Qd5 36.Rd1 Bd4 37.Rf1 h5
38.Qg3 Kg7 39.Qf3 h4 40.Nd2 Re5 41.Nc4 Qxf3 42.gxf3 Re8 43.Rd1 Kf6 44.Rd2 g5
45.Kg2 Re1 46.Ra2 Rg1+ 47.Kh2 Ra1 48.Re2 Ra8 49.Kg2 Rd8 50.Kf1 Bc3 51.Kf2 Bd4+
52.Kg2 Bc3 53.Kf1 Bd4 54.Kg2 Bc3  1/2-1/2

[Event "Presidents Cup"]
[Site "Elista"]
[Date "1998.05.08"]
[Round "1.2"]
[White "Kozak, Alexander"]
[Black "Dreev, Alexey"]
[Result "0-1"]
[WhiteElo "2365"]
[BlackElo "2630"]

1.e4 c5 2.c3 d5 3.exd5 Qxd5 4.d4 g6 5.Nf3 Bg7 6.Be3 Nf6 7.Na3 cxd4 8.Nb5 O-O
9.Qxd4 Nc6 10.Qh4 Ng4 11.Bd2 Bf5 12.Nc7 Qe4+ 13.Be2 Bf6 14.Bg5 Rac8 15.h3 Nxf2
16.Qxf2 Rxc7 17.Bxf6 exf6 18.O-O Qc2 19.Bb5 Qxf2+ 20.Rxf2 Be6 21.Rd2 Ne5
22.Nd4 a6 23.Bf1 Rd7 24.Rf2 Kg7 25.Re1 h5 26.g3 Rfd8 27.a3 Bd5 28.Re3 Rd6
29.Bg2 b5 30.Bxd5 Rxd5 31.Kg2 a5 32.Nb3 Nc6 33.Re1 a4 34.Nc1 Ne5 35.Ref1 Nc4
36.Re1 Re5 37.Rg1 Re3 38.Rgf1 f5 39.Kh2 Kf6 40.Na2 h4 41.g4 Rdd3 42.gxf5 Rxh3+
43.Kg1 Rdg3+ 44.Rg2  0-1

[Event "Presidents Cup"]
[Site "Elista"]
[Date "1998.05.10"]
[Round "2.1"]
[White "Dreev, Alexey"]
[Black "Rublevsky, Sergei"]
[Result "1/2-1/2"]
[WhiteElo "2630"]
[BlackElo "2665"]

1.d4 d5 2.c4 dxc4 3.e4 e5 4.Nf3 exd4 5.Bxc4 Nc6 6.O-O Be6 7.Bb5 Bc5 8.Nbd2 Ne7
9.Ng5 Qd7 10.Nxe6 Qxe6 11.Nb3 Qd6 12.Qg4 O-O 13.Bf4 Ne5 14.Bxe5 Qxe5 15.f4 d3+
16.Kh1  1/2-1/2

[Event "Presidents Cup"]
[Site "Elista"]
[Date "1998.05.12"]
[Round "2.5"]
[White "Dreev, Alexey"]
[Black "Rublevsky, Sergei"]
[Result "1/2-1/2"]
[WhiteElo "2630"]
[BlackElo "2665"]

1.d4 d5 2.c4 dxc4 3.e4 e5 4.Nf3 exd4 5.Bxc4 Nc6 6.O-O Be6 7.Bxe6 fxe6 8.Qb3 Qd7
9.Qxb7 Rb8 10.Qa6 Bd6 11.Nbd2 Nf6 12.Qd3 a5 13.a3 O-O 14.b3 Ng4 15.h3 Nge5
16.Nxe5 Bxe5 17.Nc4 Bf4 18.Bxf4 Rxf4 19.Rac1 e5 20.Ne3 Ne7 21.Rc5 Qd6 22.Qc4+ Kh8
23.Nd5 Rxe4 24.f3 Rh4 25.Nxe7 Qxe7 26.Rxc7 Qd8 27.Qf7 Qf6 28.Qd7 h6 29.Rfc1 e4
30.R1c6 Qg5 31.Rc8+ Rxc8 32.Rxc8+ Kh7 33.Qxd4 Qxg2+ 34.Kxg2 exf3+ 35.Kxf3 Rxd4
36.Re8 g5 37.Re5 Rd3+ 38.Re3 Rd4  1/2-1/2

[Event "Presidents Cup"]
[Site "Elista"]
[Date "1998.05.12"]
[Round "2.3"]
[White "Dreev, Alexey"]
[Black "Rublevsky, Sergei"]
[Result "1/2-1/2"]
[WhiteElo "2630"]
[BlackElo "2665"]

1.d4 d5 2.c4 dxc4 3.e4 e5 4.Nf3 exd4 5.Bxc4 Nc6 6.O-O Be6 7.Bxe6 fxe6 8.Qb3 Qd7
9.Qxb7 Rb8 10.Qa6 Nf6 11.Nbd2 Bd6 12.Qd3 O-O 13.a3 Ng4 14.b3 Nce5 15.Nxe5 Bxe5
16.g3 Qf7 17.f4 Ne3 18.Nc4 Nxc4 19.Qxc4 Bd6 20.e5 Be7 21.b4 c5 22.Bd2 cxb4
23.axb4 Bd8 24.f5 exf5 25.e6 Qc7 26.Qxc7 Bxc7 27.Rxa7 Bb6 28.Rd7 Rf6 29.Bf4 Re8
30.Be5  1/2-1/2

[Event "Presidents Cup"]
[Site "Elista"]
[Date "1998.05.12"]
[Round "2.7"]
[White "Dreev, Alexey"]
[Black "Rublevsky, Sergei"]
[Result "1-0"]
[WhiteElo "2630"]
[BlackElo "2665"]

1.d4 d5 2.c4 dxc4 3.e4 e5 4.Nf3 exd4 5.Bxc4 Nc6 6.O-O Be6 7.Bxe6 fxe6 8.Qb3 Qd7
9.Qxb7 Rb8 10.Qa6 Bd6 11.Nbd2 Nf6 12.Qd3 O-O 13.a3 a5 14.b3 Kh8 15.h3 Nh5
16.Nc4 Bf4 17.g3 Bxc1 18.Raxc1 e5 19.Kg2 Qe6 20.Ncd2 Rb6 21.Rc5 Rfb8 22.Rfc1 Qg6
23.Kh2 Rf8 24.R1c2 h6 25.Nc4 Rbb8 26.Nfxe5 Nxe5 27.Nxe5 Qd6 28.Rd5 Qe6 29.Nd7 Nf6
30.Nxf8 Rxf8 31.Rxd4 Qe5 32.Kg2  1-0

[Event "Presidents Cup"]
[Site "Elista"]
[Date "1998.05.13"]
[Round "3.1"]
[White "Dreev, Alexey"]
[Black "Salov, Valery"]
[Result "1/2-1/2"]
[WhiteElo "2630"]
[BlackElo "2680"]

1.d4 d5 2.c4 dxc4 3.e4 Nf6 4.e5 Nd5 5.Bxc4 Nb6 6.Bd3 Nc6 7.Ne2 Bg4 8.f3 Be6
9.Nbc3 Qd7 10.Ne4 Bd5 11.Nc5 Qc8 12.a3 e6 13.Qc2 Bxc5 14.dxc5 Nd7 15.f4 Bxg2
16.Rg1 Bf3 17.Rxg7 Qd8 18.Be3 Qh4+ 19.Rg3 O-O-O 20.Nc3 Ndb8 21.Bf1 Bg4 22.Qf2 Bf5
23.b4 a6 24.b5 axb5 25.Nxb5 Rhg8 26.Rxg8 Qxf2+ 27.Kxf2 Rxg8 28.Rd1 Be4 29.Nc3 Bf5
30.Nb5 Be4 31.Nc3 Bf5 32.Ne2 Ne7 33.Ng3 Bg6 34.Bg2 Nbc6 35.Bf3 Nf5 36.Bc1 Nfd4
37.Bg2 Bc2 38.Rd2 Bg6 39.Rd1 Bc2 40.Rg1 Nb3 41.Be3 Ncd4 42.Ne4 Rd8 43.Bh1 Nf5
44.Nf6 h6 45.c6 bxc6 46.Bxc6 Na5 47.Bb5 c6 48.Ba6+ Kc7 49.Rc1 Nxe3 50.Kxe3 Bf5
51.Be2 Nb3 52.Rc4 c5 53.Rc3 Nd4 54.Rxc5+ Kb6 55.Rc1 Nxe2 56.Kxe2 Rd3 57.Ne8 Rh3
58.Nd6 Rxh2+ 59.Kf3 Bg6 60.Kg3 Ra2 61.Rc3 Ra1 62.Kg4 Rg1+ 63.Rg3 Rf1 64.Rh3 h5+
65.Kg5 Kc5 66.a4 Kb4 67.f5 Bxf5 68.Rxh5 Bg6 69.Rh4+ Kc5 70.a5 Ra1 71.Kf6  1/2-1/2

[Event "Presidents Cup"]
[Site "Elista"]
[Date "1998.05.15"]
[Round "3.4"]
[White "Dreev, Alexey"]
[Black "Salov, Valery"]
[Result "1/2-1/2"]
[WhiteElo "2630"]
[BlackElo "2680"]

1.d4 Nf6 2.c4 e6 3.Nc3 Bb4 4.Qc2 O-O 5.a3 Bxc3+ 6.Qxc3 b6 7.Bg5 Bb7 8.e3 d6
9.Nf3 Nbd7 10.Nd2 c5 11.f3 d5 12.cxd5 exd5 13.Bb5 Qc8 14.Rc1 Ba6 15.a4 Bxb5
16.axb5 a6 17.Bxf6 Nxf6 18.dxc5 bxc5 19.Qxc5 Qe6 20.O-O axb5 21.Qd4 Ra4 22.Qd3 Qe5
23.Rc2 Re8 24.Re1 h5 25.Qxb5 Raa8 26.Qc5 h4 27.h3 Nh5 28.Nf1 Ng3 29.Rd2 Rad8
30.Qd4 Qg5 31.Qg4 Qh6 32.Nxg3 hxg3 33.Qxg3 Rxe3 34.Rxe3 Qxe3+ 35.Qf2 Qe5
36.f4 Qf5  1/2-1/2

[Event "Presidents Cup"]
[Site "Elista"]
[Date "1998.05.16"]
[Round "4.1"]
[White "Khalifman, Alexander"]
[Black "Dreev, Alexey"]
[Result "1/2-1/2"]
[WhiteElo "2660"]
[BlackElo "2630"]

1.e4 c6 2.d4 d5 3.e5 Bf5 4.Nf3 e6 5.Be2 c5 6.Be3 Ne7 7.dxc5 Nd7 8.O-O Nc6
9.c4 dxc4 10.Na3 Bxc5 11.Bxc5 Nxc5 12.Nxc4 O-O 13.Qc1 Bg4 14.Rd1 Qe7 15.Qe3 Nd7
16.h3 Bh5 17.Nd4 Nxd4 18.Rxd4 Bxe2 19.Qxe2 Rad8 20.Rad1  1/2-1/2

[Event "Presidents Cup"]
[Site "Elista"]
[Date "1998.05.18"]
[Round "4.3"]
[White "Dreev, Alexey"]
[Black "Khalifman, Alexander"]
[Result "1/2-1/2"]
[WhiteElo "2630"]
[BlackElo "2660"]

1.d4 Nf6 2.c4 g6 3.Nc3 d5 4.Nf3 Bg7 5.Bf4 O-O 6.Rc1 dxc4 7.e4 c5 8.dxc5 Nbd7
9.c6 bxc6 10.Bxc4 Nb6 11.Be2 Qxd1+ 12.Rxd1 Bb7 13.Nd2 c5 14.f3 Nfd7 15.Nc4 Nxc4
16.Bxc4 Nb6 17.Be2 Rfd8 18.Rxd8+ Rxd8 19.Kf2 Bd4+ 20.Be3 f5 21.Rc1 a6 22.b3 Kf7
23.exf5 gxf5 24.f4 Bxg2 25.Bxa6 Ba8 26.Be2 Kf6 27.a4 e5 28.fxe5+ Kxe5 29.Nb5 Bxe3+
30.Kxe3 Rc8 31.Bf3 Be4 32.Nc3 Nd5+ 33.Nxd5 Kxd5 34.Bxe4+ fxe4 35.b4 c4 36.Rd1+ Ke5
37.a5 Rb8 38.Rb1 c3 39.Rc1 Rxb4 40.Rxc3 Ra4 41.Rc5+ Kf6 42.Kf4 Ke6 43.Rh5 Kf6
44.Rb5 Ke6 45.Rh5 Kf6 46.Rc5 Ke6 47.Rb5 Kf7 48.Rh5 Kf6 49.h3 Kg6 50.Rb5 Kf7
51.Rc5 Ke6 52.Rh5 Kf6 53.h4 Kg6 54.Rg5+ Kf6 55.Rf5+ Ke6 56.Rh5 Kf6 57.Ke3 Ke6
58.Kf4 Kf6 59.Rf5+ Ke6 60.Re5+ Kf6 61.Rh5 Kg6 62.Rg5+ Kf6 63.Rf5+ Ke6 64.Rh5 Kf6
65.Rf5+ Ke6 66.Rh5 Kf6  1/2-1/2

[Event "Presidents Cup"]
[Site "Elista"]
[Date "1998.05.18"]
[Round "4.4"]
[White "Khalifman, Alexander"]
[Black "Dreev, Alexey"]
[Result "1-0"]
[WhiteElo "2660"]
[BlackElo "2630"]

1.d4 d5 2.c4 c6 3.Nf3 Nf6 4.Nc3 e6 5.Bg5 h6 6.Bh4 dxc4 7.e4 g5 8.Bg3 b5 9.Be2 Bb7
10.h4 g4 11.Ne5 b4 12.Na4 Nxe4 13.Bxc4 Nxg3 14.fxg3 Nd7 15.Nxf7 Kxf7 16.Qxg4 Qe7
17.O-O+ Ke8 18.Bxe6 Bc8 19.Rae1 Kd8 20.d5 Qg7 21.dxc6 Qxg4 22.Bxg4 Nb6 23.Rf7 Bd6
24.Nxb6 axb6 25.c7+ Bxc7 26.Rd1+ Ke8 27.Bh5 Bg4 28.Rh7+ Bxh5 29.Rxh8+ Ke7
30.Re1+  1-0

[Event "Presidents Cup 3.pl"]
[Site "Elista"]
[Date "1998.05.20"]
[Round "5.2"]
[White "Dreev, Alexey"]
[Black "Bareev, Evgeny"]
[Result "1/2-1/2"]
[WhiteElo "2630"]
[BlackElo "2675"]

1.d4 d5 2.c4 c6 3.Nf3 Nf6 4.e3 Bf5 5.Nc3 e6 6.Bd3 Bxd3 7.Qxd3 Nbd7 8.O-O Bb4
9.Bd2 a5 10.b3 O-O 11.Rfd1 Qb8 12.Rac1 Bxc3 13.Bxc3 Rd8 14.a4 Ne4 15.Be1 h6
16.Nd2  1/2-1/2

[Event "Presidents Cup 3.pl"]
[Site "Elista"]
[Date "1998.05.22"]
[Round "5.4"]
[White "Dreev, Alexey"]
[Black "Bareev, Evgeny"]
[Result "1/2-1/2"]
[WhiteElo "2630"]
[BlackElo "2675"]

1.d4 d5 2.c4 c6 3.Nc3 Nf6 4.e3 e6 5.Nf3 Nbd7 6.Bd3 dxc4 7.Bxc4 b5 8.Bd3 Bb7
9.O-O b4 10.Ne4 Be7 11.Nxf6+ Nxf6 12.e4 O-O 13.Qe2 c5 14.dxc5 Rc8 15.a3 bxa3
16.Rxa3 Bxc5 17.Rc3 Qb6 18.e5 Bxf3 19.Qxf3 Nd5 20.Rc4 Nb4 21.Rg4 Bxf2+ 22.Kh1 Rxc1
23.Rxg7+ Kxg7 24.Qf6+  1/2-1/2

[Event "Presidents Cup 3.pl"]
[Site "Elista"]
[Date "1998.05.23"]
[Round "5.9"]
[White "Dreev, Alexey"]
[Black "Bareev, Evgeny"]
[Result "0-1"]
[WhiteElo "2630"]
[BlackElo "2675"]

1.d4 Nf6 2.c4 e6 3.Nc3 Bb4 4.Qc2 d5 5.cxd5 Qxd5 6.Nf3 Qf5 7.Qb3 Nc6 8.g3 O-O
9.Bg2 e5 10.d5 Bxc3+ 11.bxc3 Na5 12.Qa4 b6 13.Nd2 Qh5 14.h3 Bd7 15.Qb4 e4
16.c4 e3 17.fxe3 Rfe8 18.e4 Qe5 19.Kf2 Nh5 20.Qa3 Qd4+ 21.e3 Qe5 22.g4 Qf6+
23.Bf3 Qh4+ 24.Kg1 Nxc4 25.Qd3 Qg3+ 26.Bg2 Nf4 27.Qf1 Qxe3+ 28.Kh2 Nxd2 29.Qd1 Nxg2
30.Bxd2 Qxe4 31.Kg3 Ne3 32.Kf2  0-1

[Event "Presidents Cup 3.pl"]
[Site "Elista"]
[Date "1998.05.23"]
[Round "5.5"]
[White "Dreev, Alexey"]
[Black "Bareev, Evgeny"]
[Result "1-0"]
[WhiteElo "2630"]
[BlackElo "2675"]

1.d4 d5 2.c4 c6 3.Nf3 Nf6 4.e3 Bf5 5.Nc3 e6 6.Nh4 Bg6 7.Qb3 Qb6 8.Nxg6 hxg6
9.Bd2 Nbd7 10.Be2 Be7 11.Qc2 Rc8 12.c5 Qc7 13.f4 b6 14.b4 g5 15.O-O gxf4
16.exf4 g6 17.Rae1 Kf8 18.Bd3 Kg7 19.Rf3 Rce8 20.h3 a5 21.a3 axb4 22.axb4 b5
23.Ne2 Ng8 24.g4 Bh4 25.Ref1 Ne7 26.Kg2 Qa7 27.Nc3 Nf6 28.Re3 Qb8 29.Ne2 Qa7
30.Bc3 Ra8 31.Bb2 Qa4 32.Qd2 Ra7 33.Bc2 Qa6 34.Ng1 Kg8 35.Nf3 Ne4 36.Bxe4 dxe4
37.Rxe4 Bf6 38.Qe2 Nd5 39.f5 exf5 40.gxf5 gxf5 41.Re8+ Kg7 42.Rg1 Rxe8 43.Qxe8 Nf4+
44.Kh2+ Ng6 45.Ne5 Bxe5+ 46.Qxe5+ Kh7 47.Qf6 Re7 48.Rxg6 Re2+ 49.Rg2  1-0

[Event "Russian Club Cup"]
[Site "Maikop"]
[Date "1998.06.03"]
[Round "1"]
[White "Dreev, Alexey"]
[Black "Rashkovsky, Nukhim N"]
[Result "1-0"]
[WhiteElo "2630"]
[BlackElo "2505"]

1.d4 Nf6 2.c4 g6 3.Nc3 Bg7 4.e4 d6 5.h3 O-O 6.Bg5 c5 7.d5 b5 8.cxb5 a6 9.a4 Qa5
10.Bd2 e6 11.Nf3 exd5 12.Nxd5 Qd8 13.Bg5 Bb7 14.Bc4 axb5 15.Bxb5 Bxd5 16.exd5 Qe7+
17.Kf1 h6 18.Bxf6 Qxf6 19.Rb1 Na6 20.g3 Nc7 21.Bc6 Rab8 22.b3 Na6 23.Kg2 Nb4
24.Re1 Nxc6 25.dxc6 Rfc8 26.Qd5 Rb6 27.Rbc1 Qf5 28.Qxd6 Rcxc6 29.Qd8+ Kh7
30.Rc4 Rd6 31.Qe7 Bd4 32.Nxd4 cxd4 33.Re5 Qd7 34.b4 d3 35.Qxd7 Rxd7 36.Re1 d2
37.Rd1 Rd3 38.b5 Kg7 39.Rc2 Rbd6 40.Ra2 R3d5 41.Kf1 Kf6 42.Rb2 Ke7 43.b6 Rd8
44.Ke2 Re5+ 45.Kf3 Rf5+ 46.Kg2 Rfd5 47.g4 Rb8 48.Rbxd2 Rxd2 49.Rxd2 Rxb6
50.a5 Ra6 51.Ra2 Kd6 52.Kg3 Kd5 53.h4 Ke6 54.Kf4 Kd5 55.g5 h5 56.Ra4 Kc5
57.Kg3 Kd6 58.Ra3 Ke6 59.Kf4 Kd5 60.Ra1 Kc5 61.f3 Kd5 62.Ra4 Kc5 63.Ke3 Kd5
64.f4 Re6+ 65.Kf3 Ra6 66.Ra1 f6 67.Ke3 f5 68.Kd3 Kc5 69.Kc3 Kb5 70.Kd4  1-0

[Event "Russian Club Cup"]
[Site "Maikop"]
[Date "1998.06.05"]
[Round "3"]
[White "Khalifman, Alexander"]
[Black "Dreev, Alexey"]
[Result "1/2-1/2"]
[WhiteElo "2660"]
[BlackElo "2630"]

1.e4 c6 2.d4 d5 3.e5 Bf5 4.Nf3 e6 5.Be2 c5 6.Be3 cxd4 7.Nxd4 Ne7 8.c4 Nbc6
9.Qa4 dxc4 10.Na3 Qd7 11.Nxc4 Nd5 12.Nxf5 Bb4+ 13.Kf1 exf5 14.Rd1 Nxe3+ 15.Nxe3 Qe6
16.Bc4 Qg6 17.Bb5 f4 18.Nc4 Be7 19.Nd6+ Kf8 20.Bxc6 bxc6 21.Qxc6 Rd8 22.Qc4 h5
23.Qxf4 h4 24.f3 Rh5 25.Kf2 Kg8  1/2-1/2

[Event "Russian Club Cup"]
[Site "Maikop"]
[Date "1998.06.06"]
[Round "4"]
[White "Dreev, Alexey"]
[Black "Fedorov, Alexei"]
[Result "1/2-1/2"]
[WhiteElo "2630"]
[BlackElo "2595"]

1.d4 Nf6 2.c4 g6 3.Nc3 Bg7 4.e4 d6 5.h3 O-O 6.Bg5 Na6 7.Bd3 e5 8.d5 c6 9.Nge2 cxd5
10.cxd5 Nc5 11.Bc2 a5 12.O-O Bd7 13.a3 a4 14.Kh1 Qb6 15.Rb1 Kh8 16.g4 Ng8
17.Ng3 Qa6 18.h4 Qc4 19.h5 Bh6 20.Bxh6 Nxh6 21.f3 f6 22.Qd2 Nf7 23.Kg2 Kg7
24.Rh1 b5 25.hxg6 hxg6 26.Qe2 Qxe2+ 27.Ngxe2 Rh8 28.Rxh8 Rxh8 29.Nc1 Nd8
30.b4 axb3 31.Nxb3 Nxb3 32.Rxb3 Nb7 33.Nxb5 Ra8 34.Nc7 Ra7 35.Na6 Na5 36.Rc3 Bxg4
37.fxg4 Rxa6 38.g5 fxg5 39.Kg3 Kf6 40.Kg4 Nb7 41.Rf3+ Kg7 42.Kxg5 Ra8 43.Rf6  1/2-1/2

[Event "Russian Club Cup"]
[Site "Maikop"]
[Date "1998.06.12"]
[Round "10"]
[White "Dreev, Alexey"]
[Black "Kobalija, Mihail"]
[Result "1/2-1/2"]
[WhiteElo "2630"]
[BlackElo "2500"]

1.d4 d5 2.c4 e6 3.Nc3 c6 4.e3 Nf6 5.Nf3 Nbd7 6.b3 Bd6 7.Bb2 O-O 8.Bd3 e5
9.cxd5 cxd5 10.dxe5 Nxe5 11.Be2 Nxf3+ 12.Bxf3 Be5 13.O-O Ne4 14.Rc1 Be6 15.Qd3 f5
16.Ba1 Rc8 17.Ne2  1/2-1/2

[Event "Russian Club Cup"]
[Site "Maikop"]
[Date "1998.06.13"]
[Round "11"]
[White "Tunik, Gennady"]
[Black "Dreev, Alexey"]
[Result "0-1"]
[WhiteElo "2470"]
[BlackElo "2630"]

1.d4 d5 2.c4 c6 3.Nf3 Nf6 4.Nc3 e6 5.e3 Nbd7 6.Bd3 dxc4 7.Bxc4 b5 8.Be2 Bb7
9.O-O a6 10.e4 c5 11.e5 Nd5 12.a4 b4 13.Ne4 Qc7 14.Ng3 Be7 15.Qd3 Rc8 16.Re1 h6
17.Bd1 g6 18.dxc5 Nxc5 19.Qe2 Kf8 20.Be3 Nxe3 21.Qxe3 Kg7 22.Bc2 Rhd8 23.h3 b3
24.Bb1 Qa5 25.Ne4 Bxe4 26.Bxe4 Qb4 27.a5 Nxe4 28.Qxe4 Rc2 29.Ra4 Qxe4 30.Raxe4 Rxb2
31.Rc4 Rc2  0-1

[Event "RUS-ch51"]
[Site "St Petersburg"]
[Date "1998.08.01"]
[Round "5"]
[White "Dreev, Alexey"]
[Black "Rublevsky, Sergei"]
[Result "1/2-1/2"]
[WhiteElo "2645"]
[BlackElo "2685"]

1.e4 c5 2.Nf3 e6 3.c4 Nc6 4.Nc3 Nge7 5.d4 Nxd4 6.Nxd4 cxd4 7.Qxd4 Nc6 8.Qe3 b6
9.Bd3 Bc5 10.Qg3 Qf6 11.O-O Qg6  1/2-1/2

[Event "RUS-ch51"]
[Site "St Petersburg"]
[Date "1998.08.02"]
[Round "6"]
[White "Ivanov, Sergey"]
[Black "Dreev, Alexey"]
[Result "1-0"]
[WhiteElo "2550"]
[BlackElo "2645"]

1.d4 d5 2.c4 c6 3.Nf3 Nf6 4.Nc3 e6 5.Bg5 h6 6.Bh4 dxc4 7.e4 g5 8.Bg3 b5 9.Be2 Nbd7
10.e5 Nd5 11.h4 g4 12.Nd2 h5 13.Nde4 Bb7 14.O-O a6 15.a4 Qb6 16.a5 Qa7 17.Qd2 Bh6
18.Nd6+ Kf8 19.Qc2 c5 20.dxc5 Nb4 21.Qd1 Nxc5 22.Ndxb5 axb5 23.Qd6+ Kg8 24.Nxb5 Bf8
25.Qd4 Qa6 26.Nd6 Qc6 27.f3 Ncd3 28.Bxd3 Bxd6 29.exd6 Nxd3 30.Rad1 Qd5 31.Qf6 Rh7
32.b3 Rg7 33.bxc4 Qc5+ 34.Kh2 Rg6 35.Qc3 Nb4 36.d7 Nc6 37.Bc7 Qe7 38.g3 e5
39.f4 Nd4 40.d8=Q+ Rxd8 41.Bxd8 Qxd8 42.fxe5 Ra6 43.Rxd4 Qxa5 44.Qe3 Bf3
45.Qg5+ Rg6 46.Qd8+ Qxd8 47.Rxd8+ Kh7 48.Rd7  1-0

[Event "RUS-ch51"]
[Site "St Petersburg"]
[Date "1998.08.03"]
[Round "7"]
[White "Dreev, Alexey"]
[Black "Razuvaev, Yuri S"]
[Result "1-0"]
[WhiteElo "2645"]
[BlackElo "2560"]

1.d4 Nf6 2.c4 e6 3.Nc3 Bb4 4.Qc2 O-O 5.a3 Bxc3+ 6.Qxc3 b6 7.Bg5 Bb7 8.e3 d6
9.Nf3 Nbd7 10.Nd2 c5 11.f3 Rc8 12.Be2 d5 13.dxc5 Rxc5 14.b4 Rc8 15.Qb2 Qc7
16.Bf4 e5 17.Bg3 Nh5 18.Bf2 e4 19.f4 dxc4 20.Nxc4 Bd5 21.Nd2 Nhf6 22.O-O Qc2
23.Qxc2 Rxc2 24.Rfd1 Rfc8 25.g4 h6 26.g5 hxg5 27.fxg5 Nh7 28.Bg4 Nhf8 29.Bg3 R8c3
30.Bf5 Rb2 31.Nxe4 Bxe4 32.Bxe4 Rxe3 33.Re1 Rxe1+ 34.Rxe1 Ne6 35.g6 Nf6 36.Bd3 Nd4
37.Bc4 Nf3+ 38.Kh1 Rd2 39.Re7 b5 40.Rxa7  1-0